000 01420nam a2200313 4500
001 000
005 20150622095455.0
007 000
008 000
010 _a 86017942
020 _a9024733928
040 _aUOEL
_cDLC
_dDLC
050 0 0 _aSD387.R4
_bP73 1986
082 0 0 _a634.9/028
_219
245 0 0 _aPractical application of remote sensing in forestry :
_bproceedings of a seminar on the practical application of remote sensing in forestry, Jönköping, May 1985, under the auspices of the Joint FAO/ECE Working Party on Forest Economics and Statistics and the Swedish National Board of Forestry under the Ministry of Agriculture /
_cedited by Sune Sohlberg, Viatcheslav E. Sokolov.
260 _aDordrecht ;
_aBoston :
_bM. Nijhoff,
_cc1986.
300 _axvii, 205 p. :
_bill. (some col.) ;
_c25 cm.
440 0 _aForestry sciences
500 _a"Seminar on the Practical Application of Remote Sensing in Forestry"--Frwd.
504 _aIncludes bibliographies.
650 0 _aForests and forestry
_xRemote sensing
_xCongresses.
700 1 _aSohlberg, Sune.
700 1 _aSokolov, Viatcheslav E.
710 2 _aJoint FAO/ECE Working Party on Forest Economics and Statistics.
710 1 _aSweden.
_bSkogsstyrelsen.
711 2 _aSeminar on the Practical Application of Remote Sensing in Forestry
_d(1985 :
_cJönköping, Sweden)
906 _a7
_bcbc
_corignew
_d1
_eocip
_f19
_gy-gencatlg
942 _2lcc
_cLL
999 _c10562
_d10562